| 000 | 00597nam a2200241Ia 4500 | ||
|---|---|---|---|
| 003 | EC-GqESP | ||
| 005 | 20260130112336.0 | ||
| 008 | 250425s9999 xx 000 0 und d | ||
| 010 | _a57944 | ||
| 020 | _a9978310169 | ||
| 041 | _aspa | ||
| 082 | _a516.6 | ||
| 100 | _aTOLEDO ECHEVERRIA, ROBERT G. | ||
| 245 | 0 | _aEXPRESION GRAFICA: CON APLICACIONES A LA INGENIERIA | |
| 250 | _a1A ED. | ||
| 260 |
_aEcuador _bESPOL: ICM _c2005 |
||
| 260 | _aGUAYAQUIL | ||
| 300 | _a317 | ||
| 650 | _aDIBUJO TECNICO | ||
| 650 | _aEXPRESION GRAFICA | ||
| 650 | _aGEOMETRIA DESCRIPTIVA | ||
| 942 | _c01 | ||
| 999 |
_c224934 _d224934 |
||